01141nam a2200193Ia 4500001001100000003001000011008004100021040002500062041001300087100002200100245006900122250001100191260007900202300001200281500026000293501011400553520026000667650002000927L301-56533IT-CnALBA170116s9999||||xx |||||||||||||| ||und|| aIT-CnALBAcIT-CnALBA aITALIANO aMONTELEONE FRANCO 0aL'EMERGENZA TELEMATICA. NUOVI MEDIA NUOVI MERCATI NUOVE REGOLE.  a1a ed. a VENEZIAbMARSILIO EDITORI c1996 [1° Ed.:1996 - Ed.Ling.Originale: 1996] a132 p.  aI GRILLI. TRA EMERGENZA E CONVERGENZA. IL VILLAGGIO POST MODERNO. ULTIMO MIGLIO E DINTORNI. LA SCATOLA DOMESTICA. COME FIGURE DI UNA LANTERNA MAGICA. IL FUTURO MULTIMEDIALE DELL'UOMO. FATTORI BASILARI DI CONVERGENZA TRA DIVERSE VOCAZIONI INFORMATIVE. DIBA aSocietà San Paolo EM - Piazza San Paolo, 14 - 12051 ALBA (CN) (non commercial uses only) ® Copyright 2017 aI GRILLI. TRA EMERGENZA E CONVERGENZA. IL VILLAGGIO POST MODERNO. ULTIMO MIGLIO E DINTORNI. LA SCATOLA DOMESTICA. COME FIGURE DI UNA LANTERNA MAGICA. IL FUTURO MULTIMEDIALE DELL'UOMO. FATTORI BASILARI DI CONVERGENZA TRA DIVERSE VOCAZIONI INFORMATIVE. DIBA aSCIENZE SOCIALI